Morrow v Nadeem (Record no. 351)

MARC details
000 -LEADER
fixed length control field 01642cab a2200229 4500
001 - CONTROL NUMBER
control field ##ABS36856
008 - FIXED-LENGTH DATA ELEMENTS--GENERAL INFORMATION
fixed length control field 090401t1986 xxu||||| |||| 00| 0 eng d
035 ## - SYSTEM CONTROL NUMBER
System control number (Sirsi) u688
041 0# - LANGUAGE CODE
Language code of text/sound track or separate title eng
245 00 - TITLE STATEMENT
Title Morrow v Nadeem
260 ## - PUBLICATION, DISTRIBUTION, ETC.
Date of publication, distribution, etc. 1986
350 ## - PRICE (NR) (BK AM CF MU VM SE) [OBSOLETE]
Price 0
490 #0 - SERIES STATEMENT
Series statement Estates Gazette
Volume/sequential designation 279 (6301) 13 September 1986, 1083-1088 (4)
520 ## - SUMMARY, ETC.
Summary, etc. CA 27 July 1986. The matter in contention was the validity of two notices served under Landlord and Tenant Act 1954 s25 on M. Both were on a standard printed form corresponding to Form 7 in the schedule to the Landlord and Tenant (Notices) Regulations 1957 as amended. The name of a landlord was not mentioned on the notices; the notices were signed by a firm of solicitors described as Solicitors and Agents for Alfred Danzig (D). D was the controlling shareholder in the company which was the landlord at the date of the notices. The CA held that the county court judge was in error in finding the notices were valid. Statutory notices required the name and address of the landlord to be stated on the prescribed form. The information was material and not only was it omitted but there was a misleading implication in the description of the solicitors as agents for D. The notices were invalid, a view supported by consideration of a number of authorities. Appeal allowed.
650 24 - SUBJECT ADDED ENTRY--TOPICAL TERM
Topical term or geographic name entry element MORROW V NADEEM
650 24 - SUBJECT ADDED ENTRY--TOPICAL TERM
Topical term or geographic name entry element LANDLORD AND TENANT ACT 1954 S25
650 24 - SUBJECT ADDED ENTRY--TOPICAL TERM
Topical term or geographic name entry element LANDLORD AND TENANT (NOTICES) REGULATIONS 1957
651 #4 - SUBJECT ADDED ENTRY--GEOGRAPHIC NAME
Geographic name England and Wales
Chronological subdivision 1543-
690 ## - LOCAL SUBJECT ADDED ENTRY--TOPICAL TERM (OCLC, RLIN)
Topical term or geographic name as entry element PROPERTY-LEASEHOLD PROPERTY-LANDLORD AND TENANT-TENANCIES-AGRICULTURAL TENANCIES
942 ## - ADDED ENTRY ELEMENTS (KOHA)
Suppress in OPAC 0
948 ## - LOCAL PROCESSING INFORMATION (OCLC); SERIES PART DESIGNATOR (RLIN)
c (OCLC) 04/03/1997
Holdings
Withdrawn status Lost status Source of classification or shelving scheme Damaged status Not for loan Home library Current library Shelving location Date acquired Total Checkouts Full call number Barcode Date last seen Copy number Price effective from Koha item type
    Dewey Decimal Classification     London London Journal article 14/09/1999   ABS36856 688-1001 06/08/2019 1 06/08/2019 Law report